000 00618nam a2200181Ia 4500
008 090201s9999 xx 000 0 und d
010 _aKPL-69894
040 _bमराठी
041 _aमराठी
082 _a48550
_b69894
100 _aमंदाकिनी अष्टीकर
245 _aसंपला गंध सुगंधाचा
_cमंदाकिनी अष्टीकर
250 _a1
260 _c2006
_bनिशिगंधा प्रकाशन
300 _a176
_bलहान
600 _aसंपला गंध सुगंधाचा
942 _cBOOK
999 _c245180
_d245180